00824 a2200217 4500010001400000020002400014035001300038037001800051082001000069090001500079100002600094245010600120260004900226270008400275300002900359500003800388710000600426942002500432999001500457952013400472 aENG-85135 a81313019907c495.00 aEN-68668 bD.B.Act / Pub14a631.4 c1456d14561 aYadav, Surendra Kumar1 aSoil ecologycby Surendra Kumar Yadavbremote sensing and geographic information system in management aNew DelhibAPH Publishing Corporatioonc2007 a5, Ansari Road, Darya GanjbNew Delhie110 002maphbooks@vsnl.netk011 23274050 aviii, 194p.b22cm. (Hb) aincludes bibliographical refrence a. adplcENk631.4 / YAD c1440d1440 00102ddc40718NFICaDBADbDBADeDBAD/PUBg495.00l0o631.4 YADpEN-68668r2008-09-15 00:00:00t1u1513v495.00w2008-09-15yEN